000 00884nam a2200253 a 4500
001 2575
003 BD-RjUL
005 20211208233601.0
008 131212t19661962nyu 000 0 eng d
035 _a(BD-RjUL)
035 _a(BD-RjUL)2620
040 _aANL
_beng
_cANL
_dBD-RjUL
041 _aeng
082 0 4 _a338.967
_216
_bDUF 1966
100 1 _aDumont, Rene,
_d1904-
_98320
245 1 0 _aFalse start in Africa /
_ctranslated by Phyllis Nauts Ott ; introd. by Thomas Balogh ; with an additional chapter by John Hatch.
260 _aNew York :
_bPraeger,
_c1966.
300 _a320 p. ;
_c22 cm.
500 _aOriginally published in French under the title: L'Afrique noire est mal partie.
504 _aIncludes bibliography.
651 0 _aAfrica, Sub-Saharan
_xEconomic conditions
_y1918-
_98321
651 0 _aAfrica, Central
_xEconomic conditions
_y1918-
_98322
942 _2ddc
_cBK
999 _c2575
_d2575